| 000 | 00709cam a22002295a 4500 | ||
|---|---|---|---|
| 001 | 14410847 | ||
| 005 | 20171126102939.0 | ||
| 008 | 060612t2007 maua fr 000 0 eng d | ||
| 020 | _a1592532616 | ||
| 020 | _a9781592532612 | ||
| 040 |
_aDLC _cDLC _dYDX _dBAKER _dBTCTA _dYDXCP _dDLC _dEG-ScBUE _beng |
||
| 082 | 0 | 4 |
_222 _a686.22 _bSAM |
| 100 | 1 | _aSamara, Timothy. | |
| 245 | 1 | 0 |
_aDesign elements : _ba graphic style manual / _cTimothy Samara. |
| 260 |
_aBeverly : _bRockport Publishers, _cc.2007. |
||
| 300 |
_a272 p. : _bill. (some col.) ; _c26 cm. |
||
| 650 | 7 |
_aGraphic design (Typography) _2BUEsh |
|
| 650 | 7 |
_aLayout (Printing) _2BUEsh |
|
| 651 | _2BUEsh | ||
| 653 |
_bCOMAME _cNovember2017 |
||
| 942 | _2ddc | ||
| 999 |
_c25658 _d25630 |
||